| 000 | 00368nam a22001577a 4500 | ||
|---|---|---|---|
| 005 | 20180412165928.0 | ||
| 008 | 160624b xxu||||| |||| 00| 0 eng d | ||
| 041 | _aeng | ||
| 082 |
_b9710 _a348 |
||
| 100 |
_aBangia, R.K. _9533 |
||
| 245 | _aIndian Partnership Act | ||
| 260 |
_bAllahabad Law Agency _c2004 |
||
| 300 | _a151 | ||
| 650 |
_aManagement _9241 |
||
| 942 | _cBK | ||
| 999 |
_c3780 _d3779 |
||